000 00632ckc a22002055a 4500
001 L141019
008 071025n xxk eng u
035 _a(Sirsi) u141019
041 0 _aeng
110 2 _aWakefields Ltd
_95419
245 0 1 _a[Collection of photographs showing the interior and exterior of the extension to the College of Estate Management, including the opening ceremony]
_h[graphic]
260 _c[ca. 1950]
300 _a12 photographs
_bb&w
_c16 x 21 cm.
340 _aPhotograph
351 _cFonds
610 2 4 _aCollege of Estate Management
_9400
651 4 _aLondon
690 _aABOUT RICS
942 _n0
999 _c116548
_d116548